000 02605cam a22006134i 4500
003 PE-LiUPU
005 20250731170414.0
008 130402s2012 sp r 000 0 spa d
020 _a8483690446
020 _a9788483690444
035 _a(Sirsi) i9788483690444
040 _aESUCM
_bspa
_cESUCM
_dPE-LiUPU
_erda
080 _a159.922.7
_22004
082 0 4 _a155.422
_bO63
_220
100 1 _aOrdóñez Legarda, María del Carmen,
_eautor.
245 1 0 _aEstimulación temprana /
_cMaría del Carmen Ordóñez Legarda, Alfredo Tinajero Miketta.
264 1 _aMadrid :
_bGrupo Cultural ,
_c2012.
300 _a576 páginas :
_bilustraciones ;
_c27 centímetros
336 _atext
_2rdacontent
337 _aunmediated
_2rdamedia
338 _avolume
_2rdacarrier
504 _aBibliografía : páginas 567-570.
505 _aPrincipios de la estimulación temprana -- Desarrollo integral del niño -- La inteligencia y su medición -- ¿Cómo se desarrolla la inetligencia? -- Las inteligencias múltiples y la inteligencia emocional -- Reggio Emilia -- El proyecto spectrum -- El lenguaje, el juego y el arte como medios para el desarrollo de la inteligencia -- Perfeccionando nuestras destrezas como facilitadores -- La gestión -- La estimulación prenatal -- De 0 a 1 año -- De 1 a 2 años -- De 2 a 3 años -- De 3 a 4 años -- De 4 a 5 años -- De 5 a 6 años -- Esperiencias de aprendizaje -- Estimulación del niño en el jardín de infancia -- Prevención y solución de dificultades.
526 _aSEG68
526 _aSEG70
526 _aSEG69
526 _aSEG67
526 _aSEG43
526 _aP144
526 _aP143
526 _aP131
526 _aP122
526 _aP120
526 _aP117
526 _aP112
526 _aP110
526 _aP106
526 _aP101
526 _aP80
526 _aP59
526 _aP54
526 _aP35
526 _aP33
526 _aP30
541 _g0021-0002811;
650 0 4 _aEstimulación precoz.
700 1 _aTinajero Miketta, Alfredo.
910 _aebj
_bebj
_cjck
_d20101206
942 _2ddc
_cBOOK
949 _a155.422 O63
_wDEWEY
_c1
_i75005
_lCCODEBUL1
_mBUL
_p23.13
_r0
_sY
_tBOOK
_u2016-12-6
_xSALUD
_PP33
_0COMPRA
_o.STAFF. Colección Ciencias de la Salud.
994 _aC0
_bPEPRU
596 _a1
999 _a155.422 O63
_wDEWEY
_c14353
_i75005
_d14353
_e2019-6-17
_f2021-11-3
_g6
_lCCODEBUL1
_mBUL
_n32
_p23.13
_q8
_r0
_sY
_tBOOK
_u2016-12-6
_xSALUD
_PP33
_0COMPRA
_o.STAFF. Colección Ciencias de la Salud.
980 _81
_gALBERTO SANCHEZ Responsable de Automatización